000 00317 a2200157 4500
001 177776
020 _a
040 _cMagnum
100 _aBarro, João de
240 1 0 _aO gato de botas
_lpor
245 1 0 _aO gato de botas
362 0 _a1899
440 1 _aModerna
697 _aMAGNITO: I/FABULAS
942 _cBK
999 _c177776
_d177776